ბათუმის შოთა რუსთაველის სახელმწიფო უნივერსიტეტის ბიბლიოთეკა

ჯვარცმული ფიქრი. (ბიბ.ჩანაწერი № 41808)

000 -LEADER
fixed length control field 00846nam a2200241Ia 4500
001 - CONTROL NUMBER
control field 8491
003 - CONTROL NUMBER IDENTIFIER
control field GE_BSU
008 - FIXED-LENGTH DATA ELEMENTS--GENERAL INFORMATION
fixed length control field 181216s||||||||xx |||||||||||||| ||und||
040 ## - CATALOGING SOURCE
Transcribing agency GE_BSU
080 ## - UNIVERSAL DECIMAL CLASSIFICATION NUMBER
Universal Decimal Classification number 821.353.1.09
100 ## - MAIN ENTRY--PERSONAL NAME
Personal name ზოიძე,შოთა.
245 ## - TITLE STATEMENT
Title ჯვარცმული ფიქრი.
245 ## - TITLE STATEMENT
Remainder of title ლიტერატურული წერილები.
245 ## - TITLE STATEMENT
Statement of responsibility, etc. რედ:გულნარა ფაღავა;მხატვ;რედ:გურამ გუჯაბიძე.
260 ## - PUBLICATION, DISTRIBUTION, ETC.
Place of publication, distribution, etc. ბათუმი.
260 ## - PUBLICATION, DISTRIBUTION, ETC.
Name of publisher, distributor, etc. აჭარა.
260 ## - PUBLICATION, DISTRIBUTION, ETC.
Date of publication, distribution, etc. 1995.
300 ## - PHYSICAL DESCRIPTION
Extent 315გვ;1ფ.პორტრ;20სმ.
653 ## - INDEX TERM--UNCONTROLLED
Uncontrolled term ლიტერატურული წერილები.
653 ## - INDEX TERM--UNCONTROLLED
Uncontrolled term ჯვარცმული ფიქრი.
942 ## - ADDED ENTRY ELEMENTS (KOHA)
Koha item type წიგნი
ეგზემპლარები
Withdrawn status Lost status Damaged status Not for loan Date acquired Barcode Date last seen Price effective from Koha item type
        2018-12-17 30917 2018-12-17 2018-12-17 წიგნი